Liedtext - Peter Cornelius - Reif für die Insel - Statistiken

Allgemein
  • Dieses Quiz wurde 28 mal gespielt
  • Das Durchschnittsergebnis liegt bei 106 aus 166
Antwortstatistiken
Antwort % Korrekt
i
100%
I
100%
reif
100%
bin
95%
die
95%
für
95%
ins
95%
Insel
95%
da
90%
Und
86%
mi
76%
so
71%
zu
67%
no
62%
warum
62%
im
52%
überreif
52%
Wenn
52%
Zum
52%
auf
48%
dann
48%
Aussteigen
43%
feig
43%
frag
43%
schön
43%
leb
38%
Leben
38%
mir
38%
net
38%
scheinbar
38%
des
33%
für's
33%
Für's
33%
geht
33%
schau
33%
um
33%
wird
33%
als
29%
gar
29%
Jahr
29%
lang
29%
ob
29%
wunder
29%
brauch
24%
Finanzamt
24%
kost
24%
mehr
24%
Mei
24%
Mein
24%
ohne
24%
sicher
24%
überleg
24%
verdien
24%
weitergeht
24%
worum's
24%
arbeit's
19%
brav
19%
Energie
19%
flau
19%
ganze
19%
glücklicher
19%
Magen
19%
Postkastl
19%
Sachen
19%
wofür
19%
einmal
14%
ewig
14%
Keine übereinstimmenden Quizze gefunden
Verteilung der Resultate
Anzahl Personen mit jedem Resultat
Perzentil nach korrekt beantworteten Fragen
Ihre Resultats-Entwicklung
Sie haben dieses Quiz noch nicht gespielt